01185nam a2200349Ia 450000500170000000800410001702000180005810000310007624500880010725000180019530000250021349000270023854600440026565000390030965000400034865000230038865000300041165000290044165000250047065000310049565000310052665000300055770000360058794200150062326400480063833600270068633700330071333800280074604000350077408400110080999900150082020220317001441.0161108s2008 ag g 000 p sp  a97898793961481 aBrecht, Bertoltd1898-195610a80 poemas y cancionescBertold Brecht ; traducción y selección de Jorge Hacker a3a. edición a194 páginasc20 cm aEl otro lado. Poesía aTexto bilingüe : español y alemán142LEMBaPoesía alemana ySiglo XIX142LEMBaLiteratura alemanaySiglo XIX142LEMBaAmorvPoesia142LEMBaRecuerdosvPoesía142LEMBaMúsicavPoesía142LEMBaDiosvPoesía142LEMBaCampesinosvPoesía142LEMBaBien y malvPoesía142LEMBaEmocionesvPoesía1 aHacker, Jorgeetraductor973280 2loccBKLIT aBuenos AiresbAdriana Hidalgo editorac2008 atextobtxt2rdacontent asin mediaciónbn2rdamedia avolumenbnc2rdacarrier aCO-BoRNBPbspaerdacCO-BoRNBP aP BRE6 c7019d7019